000 01416nam a2200325Ia 4500
005 20220317001846.0
008 170410s2016 c g 000 0 s
020 _a9789587694802
041 _aspa
082 0 4 _aR 344.05
_bC64c
110 2 _aColombia
_921445
240 _aCódigo nacional de policía
245 1 0 _aCódigo nacional de policía y convivencia
_bconforme con la ley 1801 de 2016
_banotado
_cJoséArmando Ruiz Salazar
250 _a33a. edición
300 _a[509] páginas (en paginación variada)
_c22 cm
490 _aCódigos anotados
505 _aLibro primero: disposiciones generales -- Libro segundo: de la libertad, los derechos y deberes de las personas en materia de convivencia -- Libro tercero: medios de policía, medidas correctivas, autoridades de policía y competencias, procedimientos, mecanismos alternativos de solución de desacuerdos o conflictos
650 1 4 _2LEMB
_aConvivencia ciudadana
650 1 4 _2LEMB
_aPolicía
_zColombia
650 1 4 _2LEMB
_aReglamentos de policía
_zColombia
650 1 4 _2LEMB
_aSolución de conflictos
650 1 4 _2LEMB
_aPoder de la Policía
_vLegislación
_zColombia
700 1 _aRuiz Salazar, José Armando
_978015
942 _2ddc
_cREF
264 _aBogotá
_bLeyer
_c2016
336 _atexto
_btxt
_2rdacontent
337 _asin mediación
_bn
_2rdamedia
338 _avolumen
_bnc
_2rdacarrier
040 _aCO-BoRNBP
_bspa
_erda
_cCO-BoRNBP
999 _c8328
_d8328